| 000 | 01125cam a2200253 4500 | ||
|---|---|---|---|
| 001 | ABS63004 | ||
| 008 | 000000n2000 000 0 eng u | ||
| 035 | _a(Sirsi) u108908 | ||
| 100 | _aSoomal, R. | ||
| 245 | _aWhen it all falls apart | ||
| 260 | _c2000 | ||
| 490 |
_aProperty Week _v65(35) 6 October 2000, 72-73(2) |
||
| 520 | _aIn April 1999 the Civil Procedure Rules brought in two key measures to encourage the early settlement of disputes: the use of pre-action protocols and mediation or other forms of alternative dispute resolution. Suggests that many property professionals often overlook the existence of pre-action protocols. Describes the features and spirit of these protocols, which can help landlords and tenants settle their differences over dilapidations without lengthy and expensive litigation. | ||
| 590 | _aABS | ||
| 650 | _aCIVIL PROCEDURE RULES | ||
| 650 | _aLITIGATION | ||
| 650 |
_aDilapidations _96235 |
||
| 650 |
_aLANDLORD AND TENANT _96252 |
||
| 650 | _aPRE-ACTION PROTOCOL | ||
| 650 | _aMEDIATION | ||
| 690 |
_aDispute resolution _96236 |
||
| 700 | _aCohen, R. | ||
| 942 | _n0 | ||
| 999 |
_c65020 _d65020 |
||